000 01208nac a22003491i 4500
003 EG-ScBUE
005 20260309100032.0
006 m||||fq||h 00| 0
008 110704t2000 caua f b 001 0 eng d
020 _a0534229026
020 _a9780534229023
040 _aEG-ScBUE
_beng
_erda
_cEG-ScBUE
_dEG-ScBUE
082 0 4 _a570.15195
_bPAG
_222
100 1 _aPagano, Marcello,
_926130
_d1945-
_eauthor.
245 1 0 _aPrinciples of biostatistics /
_cMarcello Pagano, Harvard School of Public Health, Kimberlee Gauvreau, Harvard Medical School.
250 _aSecond edition.
264 1 _aPacific Grove, CA :
_bDuxbury,
_c[2000]
264 4 _cc2000
300 _a1 volume (various pagings) :
_billustrations ;
_c25 cm +
_e1 CD
336 _2rdacontent
_atext
_btxt
336 _2rdacontent
_asounds
_bsnd
337 _aunmediated
_2rdamedia
_bn
337 _aaudio
_2rdamedia
_bs
338 _avolume
_bnc
_2rdacarrier
338 _acomputer disc
_bcd
_2rdacarrier
500 _aIncludes Appendices.
504 _aIncludes bibliographical references and index.
650 7 _926131
_aBiometry.
_2BUEsh
655 _vReading book
700 1 _aGauvreau, Kimberlee,
_d1963-
_926132
_eauthor.
942 _cBB
_2ddc
999 _c3333
_d3333